<?xml version="1.0" encoding="UTF-8"?>
<marc:record xmlns:marc="http://www.loc.gov/MARC21/slim">
   <marc:leader>00000nam a2200000 a 4500</marc:leader>
   <marc:datafield ind1="1" ind2=" " tag="100">
      <marc:subfield code="a">Palmer, Emily</marc:subfield>
      <marc:subfield code="4">aut</marc:subfield>
      <marc:subfield code="e">Verfasser/-in</marc:subfield>
   </marc:datafield>
   <marc:datafield ind1=" " ind2=" " tag="653">
      <marc:subfield code="a">Kinderbuch</marc:subfield>
   </marc:datafield>
   <marc:datafield ind1=" " ind2=" " tag="653">
      <marc:subfield code="a">Kinderbücher bis 11 Jahre</marc:subfield>
   </marc:datafield>
   <marc:datafield ind1="0" ind2="0" tag="245">
      <marc:subfield code="a">Die Funkelponys - Jana auf Glücksmission</marc:subfield>
   </marc:datafield>
   <marc:datafield ind1="0" ind2="0" tag="245">
      <marc:subfield code="c">Palmer, Emily</marc:subfield>
   </marc:datafield>
   <marc:datafield ind1=" " ind2="1" tag="264">
      <marc:subfield code="a">Würzburg</marc:subfield>
      <marc:subfield code="b">Arena</marc:subfield>
      <marc:subfield code="c">2020</marc:subfield>
   </marc:datafield>
   <marc:datafield ind1=" " ind2=" " tag="250">
      <marc:subfield code="a">1. Auflage</marc:subfield>
   </marc:datafield>
   <marc:datafield ind1="1" ind2=" " tag="520">
      <marc:subfield code="a">Angaben aus der Verlagsmeldung &#xD;
&#xD;
 &#xD;
&#xD;
  Die Funkelponys (4). Jana auf Glücksmission / von Emily Palmer &#xD;
&#xD;
 &#xD;
&#xD;
  &#xD;
Was gibt es schöneres als die Freundschaft zu einem Funkelpony? Nichts für Fiona, Aurelia, Jana und Leni! Die vier Freundinnen erleben auch in Band 4 ein neues funkelig-geheimnisvolles Abenteuer mit ihren Lieblingsponys. &#xD;
&#xD;
 &#xD;
Fiona weiß gar nicht, was sie zuerst machen soll: Hofbesitzerin Leo ist ganz niedergeschlagen und alle Späße des Funkelponys Sunny helfen nicht, sie wieder aufzumuntern. Außerdem soll die geheimnisvolle Insel im Funkelsee verkauft werden und das wäre eine Katastrophe! Vor lauter Funkelaufgaben übersieht sie fast einen entscheidenden Hinweis. Doch ihr Funkelpony Sunny ist ja zum Glück auch noch da. Genau wie der Rappe Opal und seine Freundin Jana, die gemeinsam zeigen, dass sich mit der Richtigen Portion Funkelmagie am Ende alle Probleme in Luft auflösen… &#xD;
&#xD;
 &#xD;
Weitere Bände der Reihe: &#xD;
&#xD;
 &#xD;
Die Funkelponys (1) Eine Freundin für Sunny&#xD;
Die Funkelponys (2) Geheimnis um Stella&#xD;
Die Funkelponys (3) Luna und die Mondsteine</marc:subfield>
   </marc:datafield>
   <marc:datafield ind1=" " ind2=" " tag="020">
      <marc:subfield code="a">9783401605647</marc:subfield>
      <marc:subfield code="9">9783401605647</marc:subfield>
   </marc:datafield>
   <marc:datafield ind1=" " ind2=" " tag="020">
      <marc:subfield code="a">340160564X</marc:subfield>
      <marc:subfield code="9">340160564X</marc:subfield>
   </marc:datafield>
   <marc:datafield ind1=" " ind2=" " tag="041">
      <marc:subfield code="a">ger</marc:subfield>
   </marc:datafield>
   <marc:datafield ind1=" " ind2=" " tag="300">
      <marc:subfield code="b">Illustrationen</marc:subfield>
   </marc:datafield>
   <marc:datafield ind1="1" ind2=" " tag="521">
      <marc:subfield code="a">Kind</marc:subfield>
   </marc:datafield>
   <marc:datafield ind1=" " ind2=" " tag="338">
      <marc:subfield code="a">Band</marc:subfield>
   </marc:datafield>
   <marc:datafield ind1=" " ind2=" " tag="300">
      <marc:subfield code="a">140 Seiten</marc:subfield>
   </marc:datafield>
</marc:record>
